| 000 | 00800nam a2200229Ia 4500 | ||
|---|---|---|---|
| 003 | OSt | ||
| 005 | 20260203150426.0 | ||
| 008 | 220923b |||||||| |||| 00| 0 eng d | ||
| 020 | _a9780415776646 | ||
| 037 | _cGeneral Book | ||
| 040 |
_aRTL _cRTL _beng |
||
| 041 |
_2eng _aeng |
||
| 084 |
_a Y:44.2.P, Q1 _q RTL |
||
| 100 |
_aGould William _94960 |
||
| 245 | 0 | _aBureaucracy, community and Influence in India: society and the state, 1930s-1960s | |
| 260 |
_a New Delhi _bRoutledge _c2011 |
||
| 300 |
_axi, 217 p. _bIncludes bibliographical references and index |
||
| 490 | _aRoutledge Studies in South Asian History | ||
| 650 |
_aSociology _91113438 |
||
| 942 |
_hY:44.2.P, Q1 _cGB _2CC _n0 |
||
| 999 |
_c611786 _d611786 |
||